000 00332nam a2200145Ia 4500
008 230718s9999 xx 000 0 und d
041 _aEng.
082 _a342.02
_bADK-A
100 _aAdkins? Berardine
245 0 _aAis Transpire
260 _aPakistan
_bSee land Maxwell
_c1994
300 _a330
650 _aLaw
999 _c26323
_d26323